|
|
|
|
| LEADER |
00000cam a22000004a 4500 |
| 001 |
musev2_79296 |
| 003 |
MdBmJHUP |
| 005 |
20230905052154.0 |
| 006 |
m o d |
| 007 |
cr||||||||nn|n |
| 008 |
201128s2020 inu o 00 0 eng d |
| 020 |
|
|
|a 9781557537966
|
| 020 |
|
|
|z 9781557539366
|
| 020 |
|
|
|z 9781557537119
|
| 020 |
|
|
|z 1557539367
|
| 020 |
|
|
|z 1557537968
|
| 035 |
|
|
|a (OCoLC)1224361308
|
| 040 |
|
|
|a MdBmJHUP
|c MdBmJHUP
|
| 245 |
0 |
4 |
|a The Future of the German-Jewish Past :
|b Memory and the Question of Antisemitism
|
| 264 |
|
1 |
|a West Lafayette, IN :
|b Purdue University Press,
|c 2020.
|
| 264 |
|
3 |
|a Baltimore, Md. :
|b Project MUSE,
|c 2021
|
| 264 |
|
4 |
|c ©2020.
|
| 300 |
|
|
|a 1 online resource (316 pages).
|
| 336 |
|
|
|a text
|b txt
|2 rdacontent
|
| 337 |
|
|
|a computer
|b c
|2 rdamedia
|
| 338 |
|
|
|a online resource
|b cr
|2 rdacarrier
|
| 500 |
|
|
|a Description based upon print version of record.
|
| 506 |
0 |
|
|a Open Access
|f Unrestricted online access
|2 star
|
| 588 |
|
|
|a Description based on print version record.
|
| 650 |
|
0 |
|a Holocaust, Jewish (1939-1945)
|x Historiography.
|
| 650 |
|
0 |
|a Jews
|z Germany
|x History.
|
| 650 |
|
0 |
|a Antisemitism
|z Germany.
|
| 655 |
|
7 |
|a Electronic books.
|2 local
|
| 700 |
1 |
|
|a Franklin, Diana.
|
| 700 |
1 |
|
|a Reuveni, Gideon.
|
| 710 |
2 |
|
|a Project Muse.
|e distributor
|
| 830 |
|
0 |
|a Book collections on Project MUSE.
|
| 856 |
4 |
0 |
|z Texto completo
|u https://projectmuse.uam.elogim.com/book/79296/
|
| 945 |
|
|
|a Project MUSE - 2021 Complete
|
| 945 |
|
|
|a Project MUSE - 2021 History
|
| 945 |
|
|
|a Project MUSE - 2021 Jewish Studies
|